| 000 | 00477nam a2200193Ia 4500 | ||
|---|---|---|---|
| 005 | 20251020182555.0 | ||
| 008 | 200515s9999 xx 000 0 und d | ||
| 082 | _aR/72(038)/P97 | ||
| 100 | _aPUTNAM, R. E.CARLSON, G. E. | ||
| 245 | 0 | _aDiccionario de Arquitectura, construcción y obras públicas | |
| 260 | _aMadrid | ||
| 260 | _c1988 | ||
| 300 | _a536 | ||
| 650 | _aARQUITECTURA | ||
| 650 | _aCONSTRUCCION | ||
| 650 | _aDICCIONARIOS | ||
| 650 | _aLIB | ||
| 942 | _cLIB | ||
| 999 |
_c2860 _d2860 |
||